Vice & virtue in everyday life : (Record no. 7061)
[ view plain ]
| 000 -LEADER | |
|---|---|
| fixed length control field | 00974cac a22002651u 4500 |
| 090 ## - LOCALLY ASSIGNED LC-TYPE CALL NUMBER (OCLC); LOCAL CALL NUMBER (OCLC) | |
| -- | 7061 |
| 008 - FIXED-LENGTH DATA ELEMENTS--GENERAL INFORMATION | |
| fixed length control field | 081112t2000 xxu||||| |||| 00| 0 eng d |
| 010 ## - LIBRARY OF CONGRESS CONTROL NUMBER | |
| LC control number | 00105487 |
| 020 ## - INTERNATIONAL STANDARD BOOK NUMBER | |
| International Standard Book Number | 0155067966 |
| 082 00 - DEWEY DECIMAL CLASSIFICATION NUMBER | |
| Classification number | 170 |
| Item number | SOM |
| 245 00 - TITLE STATEMENT | |
| Title | Vice & virtue in everyday life : |
| Remainder of title | introductory readings in ethics / |
| Statement of responsibility, etc | [compiled by] Christina Hoff Sommers, Fred Sommers. |
| 246 3# - VARYING FORM OF TITLE | |
| Title proper/short title | Vice and virtue in everyday life |
| 250 ## - EDITION STATEMENT | |
| Edition statement | 5th ed. |
| 260 ## - PUBLICATION, DISTRIBUTION, ETC. (IMPRINT) | |
| Place of publication, distribution, etc | Fort Worth, TX : |
| Name of publisher, distributor, etc | Harcourt College Publishers, |
| Date of publication, distribution, etc | [2000] |
| 300 ## - PHYSICAL DESCRIPTION | |
| Extent | xiv, 891 p. : |
| Other physical details | ill. ; |
| Dimensions | 21 cm. |
| 500 ## - GENERAL NOTE | |
| General note | distributer: Al-Ahram |
| 504 ## - BIBLIOGRAPHY, ETC. NOTE | |
| Bibliography, etc | Includes bibliographical references. |
| 511 ## - PARTICIPANT OR PERFORMER NOTE | |
| Participant or performer note | catalogued by: wessam |
| 650 #0 - SUBJECT ADDED ENTRY--TOPICAL TERM | |
| Topical term or geographic name as entry element | Ethics. |
| 650 #0 - SUBJECT ADDED ENTRY--TOPICAL TERM | |
| Topical term or geographic name as entry element | Social ethics. |
| 700 1# - ADDED ENTRY--PERSONAL NAME | |
| Personal name | Sommers, Christina Hoff. |
| 700 1# - ADDED ENTRY--PERSONAL NAME | |
| Personal name | Sommers, Frederic Tamler, |
| Dates associated with a name | 1923- |
| 942 ## - ADDED ENTRY ELEMENTS (KOHA) | |
| Item type | Book - Borrowing |
| Call number prefix | 170SOM |
| Source of classification or shelving scheme | Dewey Decimal Classification |
| Withdrawn status | Item status | Damaged status | Not for loan | Home library | Current library | Shelving location | Date acquired | Source of acquisition | Total Checkouts | Total Renewals | Full call number | Barcode | Date last seen | Date last borrowed | Koha item type |
|---|---|---|---|---|---|---|---|---|---|---|---|---|---|---|---|
| Central Library | Central Library | Lower Floor | 07/12/2012 | Purchase | 4 | 25 | 170SOM | 000008229 | 15/07/2025 | 10/03/2024 | Book - Borrowing |